=LDR 00000nam 2200000 4500 =001 INLIS000000000045099 =005 20160531115513.0 =006 =007 =008 =020 ##$$a 978-979-1475-12-9 =035 ##$$0010-121400000000249 =082 ##$$a 028.5 =090 ##$$a 028.5 $b Ami m =100 ##$$a Arleen Amidjaja =245 ##$$a Marrie si putri duyung $c Arleen Amidjaja =260 ##$$a Jakarta $b Indria Pustaka $c 2010 =300 ##$$a vi,66 hlm $b ilus $c 21 cm. =650 ##$$a Bacaan Anak-Anak =850 ##$$a NBPMAT =990 ##$$a 0001/BPAP-NTB/20142014 =990 ##$$a 31.067/pb-2011 =990 ##$$a 0001/BPAP-NTB/20142014